Okružné úlohy, ich riešenie, algoritmy a aplikácia diplomová práca

Guardado en:
Detalles Bibliográficos
Autor principal: Mihaldová, Veronika
Autor Corporativo: Fakulta hospodárskej informatiky EU. Katedra operačného výskumu a ekonometrie
Otros Autores: Čičková, Zuzana, 1978-
Formato: Libro
Lenguaje:eslovaco
Publicado: Bratislava 2008
Etiquetas: Agregar Etiqueta
Sin Etiquetas, Sea el primero en etiquetar este registro!

MARC

LEADER 00000nam$a2200000$$$4500
001 0083809
005 20240201115852.7
041 0 |a slo 
044 |a SK 
245 1 0 |a Okružné úlohy, ich riešenie, algoritmy a aplikácia  |b diplomová práca  |c Veronika Mihaldová ; škol. Zuzana Čičková 
264 1 |a Bratislava  |c 2008 
300 |a 87 s. 
100 1 |a Mihaldová, Veronika 
700 1 |a Čičková, Zuzana, 1978- 
710 2 |a Fakulta hospodárskej informatiky EU. Katedra operačného výskumu a ekonometrie